Taylor Swift singles - Statistics

General Stats
  • This quiz has been taken 294 times
  • The average score is 30 of 38
Answer Stats
Ano Answer % Correct
2006 Tim Mcgraw
97%
2008 Love Story
95%
2009 You Belong with me
95%
2011 Ours
92%
2007 Our Song
90%
2019 Lover
89%
2019 Me!
89%
2014 Blank Space
88%
2017 Look what you made me do
88%
2010 Fearless
87%
2013 Red
87%
2014 Shake it Off
87%
2007 Teardrops on my Guitar
87%
2012 We are Never Ever Getting Back Together
87%
2019 You Need to Calm Down
87%
2012 I Knew you were Trouble
86%
2012 22
85%
2010 Mine
85%
2015 Wildest Dreams
85%
2015 Bad Blood
84%
2008 Picture to Burn
83%
2017 ready for it
83%
2015 Style
83%
2018 Delicate
81%
2011 Mean
80%
2017 End Game
79%
2010 Back To December
77%
2016 Out Of the Woods
77%
2008 White Horse
77%
2011 Sparks Fly
74%
2009 Fifteen
72%
2011 The Story of us
67%
2008 Should've Said No
65%
2013 Everything has Changed
61%
2016 New Romantics
61%
2012 Begin Again
59%
2013 The last Time
43%
2008 Change
42%
No matching quizzes found
Score Distribution
Percent of People with Each Score
Percentile by Number Answered
Your Score History
You have not taken this quiz